000 00684nam a22002297a 4500
003 UA-OsUOA
001 69486
007 ta
008 20100623b un ||||| |||| 00| 0 ukr d
100 _aБрегеда О.А.
700 _aСавлук С.М.
090 _a330(477)
_bБ87
942 _cSA
040 _aUA-OsUOA
_bukr
_cUA-OsUOA
_dUA-OsUOA
245 _aТенденції розвитку світової та вітчизняної банківської системи
300 _aС.27-35
955 _a0
041 _aukr
080 _a330(477)
773 0 _w69483
_tФінанси України
_dК.
_d2010
_g4
650 7 _a330 Економіка взагалі
_2UDC
999 _c355739
_d355739